000 00813nam a2200205Ii 4500
003 JO-AjNU
008 230605s9999||||xx |||||||||||||| ||und||
040 _aJO-AjNU
_bara
_erda
_cJO-AjNU
041 _aara
050 1 4 _aHD38 .H3536 1982
100 3 _aعلي، حمدي فؤاد,
_eauthor
_952843
245 0 0 _aالاتجاهات الحديثة في الادارة : البرمجة الخطية وبيرت
264 3 1 _aبيروت: دار النهضة العربية، 1982
300 _a316ص
_bيحتوي على ببلوغرافية من 407-416ص
336 _atext
_btxt
_2rdacontent
337 _aunmediated
_bn
_2rdamedia
338 _avolume
_bnc
_2rdacarrier
490 0 _aمراجع ادارة الاعمال
650 4 _aإدارة الأعمال - فلسفة - البرمجة الخطية 
_952844
999 _aA23432
_c27000
_d27000